Issledovanii︠a︡ po obshcheĭ teorii grammatiki /

Bibliographic Details
Corporate Authors: Institut i︠a︡zykoznanii︠a︡ (Akademii︠a︡ nauk SSSR), Nauchnyĭ sovet po teorii sovetskogo i︠a︡zykoznanii︠a︡ pri OLI︠A︡ AN SSSR
Other Authors: I︠A︡rt︠s︡eva, V. N. (Viktorii︠a︡ Nikolaevna), 1906-1999
Format: Book
Language:Russian
Published: Moskva : Izd-vo "Nauka", 1968.
Subjects:

MARC

Tag First Indicator Second Indicator Subfields
LEADER 00000cam a2200000Ia 4500
001 in00001667513
005 20151024121337.0
008 720912s1968 ru b 000 0 rusr
010 |a  70373068  
035 |a (OCoLC)ocm00404593 
040 |a DLC  |c OUN  |d CRL  |d TXA  |d UtOrBLW 
049 |a TXAM 
050 0 0 |a P151  |b .I8 
245 0 0 |a Issledovanii︠a︡ po obshcheĭ teorii grammatiki /  |c [otvetstvennyĭ redaktor V.N. I︠A︡rt︠s︡eva]. 
264 1 |a Moskva :  |b Izd-vo "Nauka",  |c 1968. 
300 |a 292 pages ;  |c 20 cm. 
336 |a text  |b txt  |2 rdacontent 
337 |a unmediated  |b n  |2 rdamedia 
338 |a volume  |b nc  |2 rdacarrier 
500 |a At head of title: Akademii︠a︡ nauk SSSR. Institut i︠a︡zykoznanii︠a︡. Nauchnyĭ sovet po teorii sovetskogo i︠a︡zykoznanii︠a︡. 
504 |a Includes bibliographical references. 
536 |a From the Library of Professor Horace G. Lunt. October 2000. 
650 0 |a Grammar, Comparative and general. 
700 1 |a I︠A︡rt︠s︡eva, V. N.  |q (Viktorii︠a︡ Nikolaevna),  |d 1906-1999. 
710 2 |a Institut i︠a︡zykoznanii︠a︡ (Akademii︠a︡ nauk SSSR) 
710 2 |a Nauchnyĭ sovet po teorii sovetskogo i︠a︡zykoznanii︠a︡ pri OLI︠A︡ AN SSSR. 
948 |a cataloged  |b h  |c 2002/3/2  |d c  |e spoltoratski  |f 1:21:03 pm 
994 |a E0  |b TXA 
999 |a MARS 
999 f f |s 6bfb0e94-10c0-3e71-beda-88d210db2bda  |i 00f00e6a-b91a-3552-9e76-c8ab1ec900fa  |t 0 
952 f f |p ric  |a Texas A&M University  |b Rellis Campus  |c Joint Library Facility  |d Remote Storage  |t 0  |e P151 .I8  |h Library of Congress classification  |i unmediated -- volume  |m A14828364946 
998 f f |a P151 .I8  |t 0  |l Remote Storage